01857nam a22004097a 4500003000500000005001700005008004100022010001000063011001000073035001000083040000900093090001000102100004700112245018500159260004000344300001100384502009300395590003700488590004100525590004100566590004100607590004200648650003400690650004300724650002100767650004300788650003600831901000700867942000900874949004300883949005500926949005500981999001701036952013301053952013301186952012801319CHAP20220329140842.0971013s1995 r 00010 d a58659 a59631 a63791 cCHAP aTesis00aGudiño García, Flavio Andrés.951087 aEfecto de coberturas verdes y muertas sobre el control de malezas en los cultivos de maíz (Zea mays L.) y frijol (Phaseolus vulgaris L.) en rotación bajo 2 sistemas de labranza aChapingo, Méx. :bEl autor,c1995 a131 h. aTesis (M.C. en Protección Vegetal) -- UACH. Departamento de Parasitología Agrícola aALEPHb10c20130110lUCH01h1337 aBATCH-UPDb10c20130110lUCH01h0704 aBATCH-UPDb10c20130410lUCH01h0350 aBATCH-UPDb10c20130914lUCH01h1133 aCONVERSIONb10c20130109lUCH01h133114aCultivos de cobertura.93037114aFrijolxMalas hierbasxControl.94340214aLabranza.96430314aMaízxMalas hierbasxControl.97100314aRotación de cultivos.9100243 aBK cFOLL bBCcTESd-137567eTS1h28598i63791si bBCcTESd33724000079281eTS2fc.2h28599i63791si bBCcTESd33724000634440eTS2fc.3h31109i63791si c58659d58659 00102local4053708TESISaBCbBCcPA_TESISd2019-12-31fTESISl0p33724000079281r2019-12-31 00:00:00tc.2w2019-12-31yTESIS 00102local4053708TESISaBCbBCcPA_TESISd2019-12-31fTESISl0p33724000634440r2019-12-31 00:00:00tc.3w2019-12-31yTESIS 00102local4051708TESISaBCbBCcPA_TESISd2019-12-31fTESISl0oTesisp-137567r2019-12-31 00:00:00w2019-12-31yTESIS